Official history of the Russo-Japanese war... (Record no. 553025)
[ view plain ]
| 000 -LEADER | |
|---|---|
| fixed length control field | 00314nam a2200121u 4500 |
| 082 ## - DEWEY DECIMAL CLASSIFICATION NUMBER | |
| Classification number | 947.083 |
| Author Mark | LIA |
| 110 1# - MAIN ENTRY--CORPORATE NAME | |
| Corporate name or jurisdiction name as entry element | Great Britain. |
| 9 (RLIN) | 39715 |
| 245 00 - TITLE STATEMENT | |
| Title | Official history of the Russo-Japanese war... |
| 260 ## - PUBLICATION, DISTRIBUTION, ETC. | |
| Place of publication, distribution, etc. | [n.p., |
| Date of publication, distribution, etc. | n.d.] |
| 300 ## - PHYSICAL DESCRIPTION | |
| Extent | v. |
| Dimensions | cm. |
| 526 ## - STUDY PROGRAM INFORMATION NOTE | |
| Program name | 0 |
| Interest level | 0 |
| Reading level | 0 |
| Title point value | 947_083000000000000_LIA |
| 942 ## - ADDED ENTRY ELEMENTS (KOHA) | |
| Source of classification or shelving scheme | |
| Koha item type | Book |
| Withdrawn status | Lost status | Source of classification or shelving scheme | Damaged status | Not for loan | Permanent Location | Current Location | Shelving location | Date acquired | Total Checkouts | Full call number | Barcode | Date last seen | Price effective from | Koha item type |
|---|---|---|---|---|---|---|---|---|---|---|---|---|---|---|
| Military College of Engineering (MCE) | Military College of Engineering (MCE) | 01/28/2015 | 947.083 LIA | MCE-ECO/31.2 | 01/28/2015 | 01/28/2015 | Book |
